Advances in molecular and cell biology

Recent advances in protein structural biology, coupled with new developments in human genetics, have opened the door to understanding the molecular basis of many metabolic, physiological, and developmental processes in human biology.

Đã lưu trong:
書目詳細資料
格式: 圖書
語言:Undetermined
出版: London Elsevier 1997
主題:
標簽: 添加標簽
沒有標簽, 成為第一個標記此記錄!
Thư viện lưu trữ: Trung tâm Học liệu Trường Đại học Cần Thơ
LEADER 00790nam a2200193Ia 4500
001 CTU_192148
008 210402s9999 xx 000 0 und d
020 |c 146.02 
082 |a 571.6 
082 |b A244/Vol.22A 
245 0 |a Advances in molecular and cell biology 
245 0 |c E. Edward Bittar series editor ; Norma M. Allewell 
260 |a London 
260 |b Elsevier 
260 |c 1997 
520 |a Recent advances in protein structural biology, coupled with new developments in human genetics, have opened the door to understanding the molecular basis of many metabolic, physiological, and developmental processes in human biology. 
650 |a Molecular biology,Cells,Sinh học tế bào 
904 |i Tuyến 
980 |a Trung tâm Học liệu Trường Đại học Cần Thơ